みどりの窓口がある駅サドンデス③ - Statistics

General Stats
  • This quiz has been taken 145 times
  • The average score is 3 of 40
Answers on the Grid
Answers color-coded by a green-red scale on the quiz's grid according to % correct below.
厚狭
芦屋(JR)
網干
伊賀上野
石山
和泉府中
出雲市
伊丹(JR)
糸魚川
今宮
宇治(JR)
宇野
宇野気
宇部
越前大野
越中八尾
近江今津
近江八幡
大津
小浜
堅田
亀岡
川西池田
紀伊勝浦
木津(京都)
城崎温泉
久宝寺
串本
児島
西条(広島)
堺市
篠山口
白浜
新三田
新下関
新長田
住吉(兵庫)
高田(奈良)
玉造
垂水
茶屋町
塚本
津山
寺前
天理
砺波
豊岡(兵庫)
長門市
長浜
中山寺
七尾
新見
西宮名塩
二条
根雨
羽咋
放出
浜田
速星
東舞鶴
日根野
氷見
福野
府中(広島)
益田
松井山手
南草津
宮島口
三次
野洲
山口(山口)
山科
りんくうタウン
六地蔵
六甲道
若狭高浜
和倉温泉
和田山
 
Answer Stats
Answer % Correct
芦屋(JR)
38%
大津
21%
伊賀上野
17%
城崎温泉
15%
白浜
14%
今宮
12%
和泉府中
10%
宇野気
10%
9%
亀岡
9%
りんくうタウン
9%
西宮名塩
8%
堅田
7%
新三田
7%
住吉(兵庫)
7%
二条
7%
根雨
7%
東舞鶴
7%
日根野
7%
久宝寺
6%
速星
6%
六甲道
6%
越中八尾
5%
新長田
5%
天理
5%
砺波
5%
中山寺
5%
氷見
5%
福野
5%
山科
5%
宇治(JR)
5%
近江今津
3%
川西池田
2%
木津(京都)
2%
垂水
2%
放出
2%
若狭高浜
2%
高田(奈良)
1%
寺前
1%
塚本
0%
No matching quizzes found
Score Distribution
Percent of People with Each Score
Percentile by Number Answered
Your Score History
You have not taken this quiz